| 000 | 00642nam a2200205 i 4500 | ||
|---|---|---|---|
| 001 | 81758 | ||
| 003 | ES-MaACL | ||
| 005 | 20230906174515.0 | ||
| 007 | t| | ||
| 008 | 041105s1946 ag ||||1| spa d | ||
| 100 | 1 |
_aHuxley, Julian. _964859 |
|
| 245 | 1 | 3 |
_aLa evolución _b: síntesis moderna / _cJulian Huxley ; [traducción directa de Felipe Jiménez de Asúa]. |
| 260 |
_aBuenos Aires : _bLosada, _c[1946] ( _fLópez) |
||
| 300 |
_a717 p. ; _c21 cm. |
||
| 490 | 1 | _aCiencia y vida | |
| 700 | 1 |
_aJiménez de Asúa, Felipe. _966490 |
|
| 830 | 0 |
_aCiencia y vida _9182674 |
|
| 852 |
_aES-MaACL _jC-4149 _bR.23818 |
||
| 999 |
_c81758 _d81758 |
||